00880nam a22002657a 4500999001500000001000600015003000900021005001700030008004100047020001500088040003800103082002100141100001900162245007500181250001200256260005400268300004600322504002000368650002900388650002600417650001700443700002300460942001200483952011900495 c4100d410011527BD-DhUAP20201101142024.0201101r19821985nyua b 001 0 eng  a0070721882 aBD-DhUAPcBD-DhUAPdBD-DhUAPbEng00a510.2462 WYL2201 aWylie, C. Ray.10aAdvanced engineering mathematics /cC. Ray Wylie and Louis C. Barrett. a5th ed. aLondon :bMacGraw-Hill, cc1982 [Reprinted 1985]. aix, 1103 pages :billustrations ;c21 cm. aIncludes index. 0aEngineering mathematics. 0aMathematical physics. 0aMathematics. aBarrett, Louis C.  2ddccBK 00102ddc4070aUAPCLbUAPCLcGeneral Stacksd2020-11-01o510.2462 WYLp3010011527r2020-11-01t1w2020-11-01yBK